000 00289nam a2200097Ia 4500
005 20251222152003.0
008 251222s9999||||xx |||||||||||||| ||spa||
082 _a630.1/I59/V.14/T.4
245 0 _a"III Censo Nacional Agropecuario, resultados definitivos: Departamento Amazonas"
942 _cLIB
999 _c24625
_d24625